Normal view
MARC view
- Trujillo Vanegas, Catalina
Entry Nombre Personal
001 - NUMERO DE CONTROL
- campo de control: 57921
003 - IDENTIFICADOR DE NUMERO DE CONTROL
- campo de control: MX-MxUPN
005 - FECHA Y HORA DE LA ÜLTIMA TRANSACCIÓN
- campo de control: 20250922142527.0
008 - DATOS DE LONGITUD FIJA
- campo de control de longitud fija: 250922nn acnnnaabn n aaa d
024 7# - OTROS IDENTIFICADORES NORMALIZADOS
- Fuente: orcid
- Número normalizado o código: https://orcid.org/0000-0003-2214-7487
040 ## - FUENTE DE CATALOGACIÓN
- Agencia original de catalogación: MX-MxUPN
- Lenguaje de catalogación: spa
100 1# - ENCABEZAMIENTO - NOMBRE PERSONAL
- Nombre personal: Trujillo Vanegas, Catalina
370 ## - LUGAR ASOCIADO
- Associated country: Colombia
371 ## - DIRECCIÓN
- Electronic mail address: catalina.trujillo@usco.edu.co
373 ## - GRUPO ASOCIADO
- Associated group: Universidad Surcolombiana
374 ## - OCUPACIÓN
- Occupation: Profesora - investigadora universitaria
377 ## - LENGUA ASOCIADA
- Language code: spa
670 ## - FUENTE EN LA QUE SE LOCALIZARON DATOS
- Cita de la fuente: En recurso en línea: Praxis: revista de la Facultad de Ciencias de la Educación Vol. 21, no. 2, (2025)
- Información localizada: (Catalina Trujillo Vanegas)
- Uniform Resource Identifier: https://revistas.unimagdalena.edu.co/index.php/praxis/article/view/6232/5466
902 ## - CATALOGADOR
- Catalogador: Leonor Sotres/220925
